Thi công cọc đóng

Đã lưu trong:
书目详细资料
主要作者: Phạm, Huy Chính
格式: 图书
语言:Undetermined
出版: Hà Nội Xây dựng 2004
主题:
标签: 添加标签
没有标签, 成为第一个标记此记录!
Thư viện lưu trữ: Trung tâm Học liệu Trường Đại học Cần Thơ
LEADER 00544nam a2200193Ia 4500
001 CTU_90906
008 210402s9999 xx 000 0 und d
020 |c 12000 
082 |a 624.154 
082 |b Ch312 
100 |a Phạm, Huy Chính 
245 0 |a Thi công cọc đóng 
245 0 |c Phạm Huy Chính 
260 |a Hà Nội 
260 |b Xây dựng 
260 |c 2004 
650 |a Civil engineering,Industrial constrution,Pile foundations 
904 |i Mai Loan 
980 |a Trung tâm Học liệu Trường Đại học Cần Thơ